8 Letters - Why Don't We - Statistics

General Stats
  • This quiz has been taken 2 times
  • The average score is 3 of 8
Answer Stats
# Song % Correct
1 8 Letters
100%
5 Friends
50%
7 Hooked
50%
4 In Too Deep
50%
2 Talk
50%
8 Can't You See
0%
3 Choose
0%
6 Hard
0%
No matching quizzes found
Score Distribution
Percent of People with Each Score
Percentile by Number Answered
Your Score History
You have not taken this quiz